<?xml version="1.0" encoding="UTF-8"?>
<record
    xmlns:xsi="http://www.w3.org/2001/XMLSchema-instance"
    xsi:schemaLocation="http://www.loc.gov/MARC21/slim http://www.loc.gov/standards/marcxml/schema/MARC21slim.xsd"
    xmlns="http://www.loc.gov/MARC21/slim">

  <leader>02690nab a2200253uuc4500</leader>
  <controlfield tag="001">1284487</controlfield>
  <controlfield tag="005">20240202105423.0</controlfield>
  <controlfield tag="008">120528e20111001                    spa  </controlfield>
  <datafield tag="035" ind1=" " ind2=" ">
    <subfield code="a">1284487</subfield>
  </datafield>
  <datafield tag="040" ind1=" " ind2=" ">
    <subfield code="c">comduadb</subfield>
  </datafield>
  <datafield tag="041" ind1=" " ind2=" ">
    <subfield code="a">spa</subfield>
  </datafield>
  <datafield tag="100" ind1="1" ind2="0">
    <subfield code="a">Castro Mart&#xED;n, Teresa</subfield>
    <subfield code="4">aut</subfield>
    <subfield code="e">aut</subfield>
    <subfield code="9">501723</subfield>
  </datafield>
  <datafield tag="245" ind1="1" ind2="0">
    <subfield code="a">Maternidad sin matrimonio en Am&#xE9;rica Latina : An&#xE1;lisis comparativo a partir de datos censales</subfield>
  </datafield>
  <datafield tag="520" ind1="3" ind2=" ">
    <subfield code="a">Numerosos estudios previos han mostrado que las uniones consensuales constituyen un contexto socialmente aceptado para tener y criar hijos en Am&#xE9;rica Latina. En este sentido, los objetivos de este trabajo son: i) documentar la prevalencia actual de la fecundidad no matrimonial en los distintos pa&#xED;ses latinoamericanos -distinguiendo entre fecundidad dentro de una uni&#xF3;n consensual y fuera de uni&#xF3;n- y examinar los patrones observados por edad y por estrato educativo; ii) describir la evoluci&#xF3;n temporal de la fecundidad no matrimonial desde 1970, por estrato educativo, y iii) para un pa&#xED;s, (Colombia) analizar, por medio de un modelo log&#xED;stico multinomial, la probabilidad de que un nacimiento se produzca en un contexto matrimonial, consensual o fuera de uni&#xF3;n, seg&#xFA;n las caracter&#xED;sticas demogr&#xE1;ficas y socioecon&#xF3;micas de la madre. Para ello, se utilizaron como alternativa a las estad&#xED;sticas vitales de nacimientos, los microdatos censales, previamente armonizados por el proyecto IPUMS-International, para 13 pa&#xED;ses (Argentina, Bolivia (Estado Plurinacional de), Brasil, Chile, Colombia, Costa Rica, Cuba, Ecuador, M&#xE9;xico, Panam&#xE1;, Per&#xFA;, Uruguay y Venezuela (Rep&#xFA;blica Bolivariana de)) y se estim&#xF3; el porcentaje de hijos menores de 1 a&#xF1;o nacidos de madre casada, en uni&#xF3;n consensual y sin uni&#xF3;n conyugal. El an&#xE1;lisis muestra que desde 1970 hasta la actualidad, los nacimientos en el seno de una uni&#xF3;n consensual han pasado de representar el 16,8% a constituir el 38,9% del total de nacidos y que el peso relativo de los nacimientos de madres solas se ha duplicado, pasando del 7,3% al 15%. Por lo tanto, la concepci&#xF3;n y crianza de los hijos dentro del matrimonio ha dejado de ser mayoritaria en el contexto latinoamericano.</subfield>
  </datafield>
  <datafield tag="650" ind1=" " ind2=" ">
    <subfield code="a">Hijos fuera del matrimonio</subfield>
    <subfield code="9">197104</subfield>
  </datafield>
  <datafield tag="650" ind1=" " ind2=" ">
    <subfield code="a">Uni&#xF3;n consensual</subfield>
    <subfield code="9">197422</subfield>
  </datafield>
  <datafield tag="650" ind1=" " ind2=" ">
    <subfield code="a">Familias monoparentales</subfield>
    <subfield code="9">30019</subfield>
  </datafield>
  <datafield tag="650" ind1=" " ind2="7">
    <subfield code="a">Madres solteras</subfield>
    <subfield code="2">lemb</subfield>
    <subfield code="9">177158</subfield>
  </datafield>
  <datafield tag="700" ind1="1" ind2="0">
    <subfield code="a">Cortina Trilla, Clara</subfield>
    <subfield code="4">aut</subfield>
    <subfield code="e">aut</subfield>
    <subfield code="9">573483</subfield>
  </datafield>
  <datafield tag="700" ind1="1" ind2="0">
    <subfield code="a">Mart&#xED;n Garc&#xED;a, Teresa</subfield>
    <subfield code="4">aut</subfield>
    <subfield code="e">aut</subfield>
    <subfield code="9">671304</subfield>
  </datafield>
  <datafield tag="700" ind1="1" ind2="0">
    <subfield code="a">Pardo Rodr&#xED;guez, Ignacio</subfield>
    <subfield code="4">aut</subfield>
    <subfield code="e">aut</subfield>
    <subfield code="9">666208</subfield>
  </datafield>
  <datafield tag="773" ind1="0" ind2=" ">
    <subfield code="t">Notas de Poblaci&#xF3;n (Santiago de Chile)</subfield>
    <subfield code="g">Volumen 38, N&#xFA;mero 093, Octubre de 2011, p. 37-76</subfield>
    <subfield code="w">394197</subfield>
    <subfield code="x">0303-1829</subfield>
    <subfield code="0">115586</subfield>
  </datafield>
  <datafield tag="942" ind1=" " ind2=" ">
    <subfield code="c">ARIMP</subfield>
  </datafield>
  <datafield tag="999" ind1=" " ind2=" ">
    <subfield code="c">623371</subfield>
    <subfield code="d">623371</subfield>
  </datafield>
</record>
